5 Países más Calientes por Continente - Estadísticas

Estadísticas generales
  • Esta prueba ha sido intentada 3.517 veces
    2.177 desde el último reinicio
  • La puntuación promedio es 18 de 30
Estadísticas de respuestas
Continente ° C País % Correcto
Europa 13.07 España
95%
Europa 13.17 Grecia
88%
Europa 15.85 Portugal
85%
América del Sur 25.44 Brasil
84%
América del Sur 25.00 Colombia
83%
Europa 20.06 Malta
81%
América del Sur 25.71 Venezuela
81%
América del Sur 26,12 Guyana
74%
América del Sur 26.58 Surinam
72%
Asia 28.02 Catar
62%
Asia 28.17 Emiratos Árabes Unidos
58%
África 29.21 Malí
58%
Oceanía 28.62 Tuvalu
56%
Oceanía 27.83 Nauru
55%
América del Norte 27.00 Santa Lucía
55%
Oceanía 28.01 Islas Marshall
54%
Oceanía 27.77 Kiribati
53%
África 28.82 Mauritania
53%
América del Norte 27.20 Antigua y Barbuda
51%
América del Norte 27.47 San Cristóbal y Nieves
51%
América del Norte 26.61 Barbados
50%
América del Norte 26.83 Dominica
50%
Oceanía 27.90 Palaos
49%
África 28.90 Senegal
49%
Asia 27.69 Baréin
48%
Europa 15.20 Ciudad del Vaticano
45%
África 30.40 Burkina Faso
37%
Asia 28.11 Maldivas
36%
Asia 27.68 Singapur
31%
África 28.49 Yibuti
21%
No se encontraron pruebas coincidentes
Distribución de puntuación
Porcentaje de gente con cada puntuación
Porcentaje por número respondido
Historial de tus puntuaciones
No has intentado esta prueba desde el último reinicio